Toutes les communes des Ardennes sur une carte - Statistiques

Statistiques générales
  • Ce quiz a été pris 662 fois
    423 depuis la dernière actualisation
  • Le résultat moyen est 115 sur 447
Réponses sur la Carte
Les réponses sont colorées sur une échelle allant du rouge au vert en fonction du pourcentage des utilisateurs qui les ont devinées à leur premier essai. Vous pouvez retrouver ces pourcentages ci-dessous.
 
Statistiques - réponses
Initiale Réponse Population (2021) % Correct
C Charleville-Mézières 46 398
95%
S Sedan 16 608
90%
R Rethel 7 425
85%
G Givet 6 347
81%
M Mont-Laurent 52
74%
M Mont-Saint-Martin 89
74%
M Mont-Saint-Remy 56
74%
V Vouziers 4 016
72%
V Ville-sur-Lumes 525
71%
V Ville-sur-Retourne 76
71%
R Revin 5 815
69%
R Rocroi 2 259
67%
B Bogny-sur-Meuse 5 006
63%
V Villers-devant-le-Thour 419
59%
V Villers-devant-Mouzon 107
59%
V Villers-le-Tilleul 237
59%
V Villers-le-Tourneur 209
59%
V Villers-Semeuse 3 608
59%
V Villers-sur-Bar 247
59%
V Villers-sur-le-Mont 102
59%
M Monthermé 2 170
58%
N Nouzonville 5 592
58%
S Signy-l'Abbaye 1 349
57%
S Signy-le-Petit 1 183
57%
S Signy-Montlibert 93
57%
C Carignan 2 810
55%
F Fumay 3 151
55%
P Poix-Terron 882
55%
S Sault-lès-Rethel 1 928
52%
S Sault-Saint-Remy 211
52%
C Chooz 758
50%
M Mouzon 2 234
50%
C Château-Porcien 1 308
49%
H Haybes 1 819
49%
(La) N La Neuville-à-Maire 107
49%
(La) N La Neuville-aux-Joûtes 353
49%
(La) N La Neuville-en-Tourne-à-Fuy 538
49%
(La) N La Neuville-lès-Wasigny 161
49%
Sᵗ Saint-Laurent 1 070
49%
A Attigny 1 106
48%
J Juniville 1 239
47%
R Renwez 1 637
47%
A Asfeld 1 078
46%
B Bazeilles 2 502
46%
D Donchery 1 989
46%
(Les) M Les Mazures 867
46%
L Lumes 1 106
46%
N Nouvion-sur-Meuse 2 226
46%
W Warcq 1 253
46%
V Vireux-Molhain 1 459
45%
V Vireux-Wallerand 1 894
45%
B Bar-lès-Buzancy 124
44%
D Douzy 2 166
43%
F Flize 1 695
43%
(La) F La Francheville 1 657
43%
V Vrigne aux Bois 3 540
43%
V Vrigne-Meuse 332
43%
A Aiglemont 1 659
42%
B Boulzicourt 976
42%
B Buzancy 380
42%
P Prix-lès-Mézières 1 351
41%
S Saulces-Champenoises 223
41%
S Saulces-Monclin 838
41%
V Vivier-au-Court 2 892
41%
B Bairon et ses environs 1 022
40%
D Dom-le-Mesnil 1 057
40%
(Les) H Les Hautes-Rivières 1 318
40%
N Neuville-Day 171
40%
N Neuville-lès-This 344
40%
N Neuville-lez-Beaulieu 335
40%
B Balan 1 612
39%
T Tagnon 882
39%
A Amagne 760
38%
C Chatel-Chéhéry 137
38%
F Floing 2 285
38%
G Grandpré 508
38%
L Liart 607
38%
Sᵗ Saint-Pierre-à-Arnes 66
38%
Sᵗ Saint-Pierre-sur-Vence 146
38%
T Thin-le-Moutier 656
38%
T Tournes 1 056
38%
V Vendresse 471
38%
N Novion-Porcien 509
37%
P Pauvres 198
37%
R Rimogne 1 330
37%
C Chaumont-Porcien 509
36%
A Acy-Romance 492
35%
(Les) A Les Ayvelles 870
35%
M Montcy-Notre-Dame 1 585
35%
R Raucourt-et-Flaba 817
35%
D Deville 1 044
34%
H Hargnies 471
34%
J Joigny-sur-Meuse 637
34%
L Launois-sur-Vence 683
34%
(Le) C Le Châtelet-sur-Retourne 774
34%
(Le) C Le Châtelet-sur-Sormonne 170
34%
T Thilay 1 007
34%
V Vaux-Champagne 135
34%
V Vaux-lès-Mouron 79
34%
V Vaux-lès-Mouzon 71
34%
V Vaux-lès-Rubigny 43
34%
V Vaux-Villaine 192
34%
B Blagny 1 097
33%
G Gespunsart 980
33%
G Givonne 1 056
33%
L Lucquy 574
33%
M Montigny-sur-Meuse 78
33%
M Montigny-sur-Vence 232
33%
N Neufmanil 990
33%
Sᵗ Saint-Loup-en-Champagne 341
33%
Sᵗ Saint-Loup-Terrier 182
33%
T This 223
33%
C Cliron 414
32%
(La) G La Grandville 778
32%
L Lonny 618
32%
N Neuflize 845
32%
R Remilly-Aillicourt 770
32%
R Remilly-les-Pothées 259
32%
B Barby 397
31%
B Bourg-Fidèle 837
31%
G Glaire 826
31%
H Ham-les-Moines 364
31%
H Ham-sur-Meuse 227
31%
M Machault 503
31%
M Maubert-Fontaine 1 026
31%
P Poilcourt-Sydney 173
31%
P Pouru-aux-Bois 233
31%
P Pouru-Saint-Remy 1 142
31%
B Belval 221
30%
B Belval-Bois-des-Dames 27
30%
C Clavy-Warby 343
30%
D Damouzy 438
30%
F Faissault 259
30%
F Fromelennes 1 037
30%
H Houldizy 395
30%
L Laifour 416
30%
M Montcornet 300
30%
Sᵗ Saint-Marcel 318
30%
V Vieux-lès-Asfeld 302
30%
Y Yvernaumont 118
30%
A Arreux 331
29%
A Aubrives 982
29%
C Chémery-Chéhéry 523
29%
I Issancourt-et-Rumel 391
29%
J Jandun 302
29%
L Logny-Bogny 153
29%
Sᵗ Saint-Jean-aux-Bois 94
29%
Sᵗ Saint-Menges 938
29%
S Sécheval 562
29%
S Sormonne 525
29%
T Thugny-Trugny 256
29%
V Viel-Saint-Remy 297
29%
W Wadelincourt 451
29%
F Fépin 247
28%
G Guignicourt-sur-Vence 271
28%
H Haraucourt 713
28%
H Hierges 165
28%
(La) C La Chapelle 165
28%
Sᵗ Saint-Étienne-à-Arnes 243
28%
A Aubigny-les-Pothées 306
27%
A Auvillers-les-Forges 896
27%
F Fagnon 344
27%
G Gernelle 316
27%
R Rumigny 276
27%
S Semide 175
27%
S Sévigny-la-Forêt 277
27%
S Sévigny-Waleppe 220
27%
V Voncq 213
27%
W Warnécourt 382
27%
A Aire 246
26%
A Anchamps 213
26%
B Boult-aux-Bois 144
26%
C Chalandry-Elaire 718
26%
C Cheveuges 466
26%
G Gué-d'Hossus 509
26%
R Rancennes 714
26%
Ste Sainte-Marie 78
26%
Sᵗ Saint-Marceau 346
26%
S Sapogne-et-Feuchères 516
26%
S Sapogne-sur-Marche 144
26%
T Tournavaux 230
26%
W Wasigny 298
26%
B Beaumont-en-Argonne 425
25%
B Brienne-sur-Aisne 275
25%
H Harcy 503
25%
H Haudrecy 322
25%
H Haulmé 87
25%
I Illy 415
25%
M Messincourt 596
25%
S Sery 324
25%
T Tannay-le-Mont-Dieu 148
25%
T Tremblois-lès-Carignan 139
25%
T Tremblois-lès-Rocroi 154
25%
D Dommery 185
24%
É Éteignières 482
24%
É Évigny 190
24%
H Hannogne-Saint-Martin 451
24%
H Hannogne-Saint-Rémy 112
24%
(L')É L'Échelle 138
24%
M Margut 718
24%
M Monthois 395
24%
N Novy-Chevrières 772
24%
R Regniowez 386
24%
R Rocquigny 662
24%
S Sorbon 213
24%
S Sy 54
24%
V Villy 196
24%
A Autruche 53
23%
D Daigny 357
23%
É Étrépigny 281
23%
(La) F La Ferté-sur-Chiers 176
23%
N Neuvizy 113
23%
O Omont 75
23%
W Wagnon 116
23%
A Autrecourt-et-Pourron 334
22%
B Baâlons 206
22%
C Champigneul-sur-Vence 122
22%
F Fleigneux 222
22%
G Gruyères 103
22%
(Le) T Le Thour 368
22%
P Perthes 304
22%
Q Quatre-Champs 241
22%
R Rouvroy-sur-Audry 566
22%
S Sachy 178
22%
T Taillette 404
22%
A Aouste 209
21%
B Barbaise 109
21%
B Belleville-et-Châtillon-sur-Bar 243
21%
C Charnois 71
21%
C Condé-lès-Autry 64
21%
C Condé-lès-Herpy 221
21%
F Falaise 341
21%
F Fligny 166
21%
F Foisches 252
21%
F Francheval 589
21%
G Givry 266
21%
N Noyers-Pont-Maugis 667
21%
Sᵗ Saint-Germainmont 816
21%
S Sauville 238
21%
S Sury 100
21%
A Arnicourt 152
20%
B Bertoncourt 126
20%
B Brognon 135
20%
C Coucy 521
20%
H Houdilcourt 137
20%
L Landrichamps 132
20%
N Neufmaison 72
20%
R Raillicourt 217
20%
R Roizy 221
20%
T Tailly 177
20%
T Tarzy 126
20%
A Alincourt 160
19%
A Avançon 350
19%
A Avaux 496
19%
B Bergnicourt 300
19%
B Blombay 133
19%
C Challerange 430
19%
C Charbogne 220
19%
C Chilly 133
19%
É Écly 167
19%
G Grandchamp 94
19%
H Herpy-l'Arlésienne 209
19%
(Les) D Les Deux-Villes 251
19%
(Les) P Les Petites-Armoises 59
19%
M Marlemont 127
19%
M Mondigny 189
19%
P Pure 551
19%
Sᵗ Saint-Remy-le-Petit 55
19%
S Son 92
19%
S Stonne 38
19%
T Taizy 103
19%
T Touligny 83
19%
Y Yoncq 90
19%
B Blanzy-la-Salonnaise 383
18%
B Bulson 135
18%
D Doux 103
18%
É Écordal 294
18%
G Gomont 322
18%
H Hauteville 122
18%
(La) C La Croix-aux-Bois 154
18%
L Lalobbe 163
18%
L Laval-Morency 235
18%
(L')É L'Écaille 266
18%
(Les) G Les Grandes-Armoises 56
18%
L Longwé 69
18%
M Ménil-Annelles 109
18%
M Ménil-Lépinois 140
18%
M Murtin-et-Bogny 183
18%
P Prez 131
18%
Sᵗ Saint-Aignan 153
18%
Sᵗ Saint-Quentin-le-Petit 121
18%
S Semuy 88
18%
A Angecourt 387
17%
B Biermes 312
17%
B Bourcq 53
17%
B Bouvellemont 122
17%
C Chagny 175
17%
C Champigneulle 54
17%
(La) H La Horgne 156
17%
M Mazerny 127
17%
M Mesmont 91
17%
N Nanteuil-sur-Aisne 148
17%
O Olizy-Primat 229
17%
P Puilly-et-Charbeaux 217
17%
Sᵗ Saint-Clément-à-Arnes 107
17%
Sᵗ Saint-Fergeux 215
17%
S Savigny-sur-Aisne 366
17%
V Vandy 202
17%
A Alland'Huy-et-Sausseuil 262
16%
A Auge 58
16%
A Aure 40
16%
A Aussonce 225
16%
A Authe 92
16%
B Balham 159
16%
B Banogne-Recouvrance 162
16%
H Hagnicourt 69
16%
J Justine-Herbigny 165
16%
M Marby 76
16%
T Thelonne 409
16%
W Williers 40
16%
B Bignicourt 67
15%
B Blanchefosse-et-Bay 140
15%
C Corny-Machéroménil 192
15%
D Draize 90
15%
É Étalle 98
15%
H Hannappes 132
15%
(La) B La Besace 134
15%
L Liry 87
15%
N Nouart 113
15%
Sᵗ Saint-Lambert-et-Mont-de-Jeux 137
15%
S Senuc 154
15%
S Sugny 97
15%
A Ambly-Fleury 135
14%
A Annelles 134
14%
A Auboncourt-Vauzelles 96
14%
A Autry 101
14%
B Ballay 250
14%
B Bayonville 70
14%
B Brévilly 363
14%
B Brieulles-sur-Bar 225
14%
C Cernion 55
14%
C Champlin 72
14%
D Doumely-Bégny 73
14%
F Faux 61
14%
F Fossé 58
14%
F Fraillicourt 178
14%
G Girondelle 161
14%
(La) F La Férée 72
14%
(La) R La Romagne 131
14%
(La) S La Sabotterie 127
14%
L Leffincourt 189
14%
M Marcq 92
14%
P Puiseux 112
14%
R Rubigny 66
14%
S Sailly 248
14%
Sᵗ Saint-Morel 185
14%
S Seraincourt 257
14%
S Seuil 178
14%
S Sommauthe 129
14%
T Tourteron 179
14%
V Vaux-en-Dieulet 54
14%
V Vaux-Montreuil 107
14%
C Chappes 85
13%
E Escombres-et-le-Chesnois 344
13%
G Givron 91
13%
L Lametz 75
13%
L Lépron-les-Vallées 69
13%
M Maranwez 55
13%
O Oches 37
13%
O Omicourt 41
13%
O Osnes 230
13%
R Remaucourt 174
13%
Sᵗ Saint-Juvin 101
13%
S Singly 135
13%
S Suzanne 58
13%
T Tétaigne 128
13%
A Apremont 119
12%
A Artaise-le-Vivier 64
12%
C Chesnois-Auboncourt 161
12%
E Estrebay 83
12%
E Exermont 35
12%
F Flaignes-Havys 93
12%
G Grivy-Loisy 181
12%
H Hauviné 329
12%
H Herbeuval 123
12%
I Inaumont 125
12%
L Létanne 111
12%
M Maisoncelle-et-Villers 70
12%
M Matton-et-Clémency 454
12%
M Montmeillant 83
12%
S Séchault 59
12%
A Antheny 100
11%
B Bossus-lès-Romigny 94
11%
B Briquenay 88
11%
C Chuffilly-Roche 67
11%
C Cornay 67
11%
G Guincourt 76
11%
J Jonval 93
11%
L Landres-et-Saint-Georges 70
11%
(Le) F Le Fréty 59
11%
M Malandry 78
11%
M Margny 211
11%
M Mogues 236
11%
M Montgon 69
11%
R Renneville 198
11%
Ste Sainte-Vaubourg 87
11%
Sᵗ Saint-Pierremont 72
11%
W Wignicourt 56
11%
A Auflance 83
10%
B Bièvres 46
10%
B Bouconville 57
10%
C Cauroy 188
10%
C Coulommes-et-Marqueny 74
10%
F Fromy 85
10%
G Germont 51
10%
(La) B La Berlière 37
10%
L Linay 221
10%
N Noirval 25
10%
R Rilly-sur-Aisne 126
10%
T Toges 99
10%
T Tourcelles-Chaumont 91
10%
C Chevières 45
9%
D Dricourt 76
9%
E Euilly-et-Lombut 110
9%
I Imécourt 44
9%
M Marquigny 77
9%
M Moiry 137
9%
M Montcheutin 111
9%
M Mouron 70
9%
S Sorcy-Bauthémon 145
9%
V Verpel 65
9%
V Verrières 32
9%
F Fléville 93
8%
H Harricourt 45
8%
M Manre 103
8%
M Mars-sous-Bourcq 62
8%
M Marvaux-Vieux 72
8%
Q Quilly 72
8%
S Sommerance 47
8%
B Beffu-et-le-Morthomme 41
7%
C Contreuve 84
7%
G Grandham 37
7%
T Thénorgues 83
7%
B Brécy-Brières 78
6%
A Ardeuil-et-Montfauxelles 77
5%
C Chardeny 59
5%
L Lançon 31
5%
Aucun quiz correspondant
Distribution des résultats
% des personnes avec chaque résultat
Percentile par nombre de réponses
Votre historique - résultats
Vous n’avez pas pris ce quiz depuis la dernière actualisation